السفر في الزمان الكوني / (Record no. 25005)
[ view plain ]
| 000 -الفاتح | |
|---|---|
| حقل البيانات ثابتة الطول | 01454nam a22003615a 4500 |
| 003 - محدد رقم الضبط | |
| رقم الضبط | OSt |
| 005 - وقت وتاريخ اخر تعامل مع التسجيلة | |
| رقم الضبط | 20240818095902.0 |
| 008 - عناصر البيانات ثابتة الطول - معلومات عامة | |
| حقل البيانات ثابتة الطول | 170709s2008 ua a frb f000 0 ara d |
| 017 ## - رقم الإيداع القانونى | |
| رقم الإيداع القانونى | 2008 / 24062 |
| 020 ## - الرقم الدولى المعيارى للكتب | |
| الرقم الدولى المعيارى للكتاب | 9789774206372 |
| 040 ## - مصدر الفهرسة | |
| وكالة الفهرسة الأصلية | EG-ScBUE |
| لغة الفهرسة | ara |
| وكالة النسخ | EG-ScBUE |
| 041 1# - رمز اللغة | |
| رمز لغة النص/ المسارات الصوتية أو العنوان الانفرادي | ara |
| رمز لغة الترجمات و/او الاصلية المتوسطة للنص | und |
| 082 04 - رقم تصنيف ديوى العشرى | |
| رقم التصنيف | 529 |
| رقم المادة | ب ا ر |
| رقم الطبعة | 22 |
| 100 1# - المدخل الرئيسى - إسم شخصى | |
| الإسم الشخصى | باركر، باري. |
| 9 (RLIN) | 22051 |
| 245 12 - بيان العنوان | |
| العنوان | السفر في الزمان الكوني / |
| بيان المسئوليه,etc | باري باركر ؛ ترجمة مصطفى محمود سليمان ؛ مراجعة جلال عبد الفتاح. |
| 260 ## - PUBLICATION, DISTRIBUTION, ETC. (IMPRINT) | |
| مكان الناشر او الموزع | القاهرة : |
| اسم الناشر او الموزع | الهيئة المصرية العامة للكتاب، |
| تاريخ النشر أو التوزيع | 2008. |
| 300 ## - الوصف المادى | |
| التعداد | 460 ص. : |
| تفاصيل ماديه اخرى للوعاء | إيض (بعضها لو.) ؛ |
| أبعاد الوعاء | 25 سم. |
| 336 ## - نوع المحتوى | |
| source | rdacontent |
| Carrier Type Term | نص |
| Content Type Code | txt |
| 337 ## - نوع الوسيط | |
| Media Type Term | بدون وسيط |
| source | rdamedia |
| Media Type Code | n |
| 338 ## - نوع الحامل أو الناقل | |
| Carrier Type Term | مجلد |
| Carrier Type Code | nc |
| source | rdacarrier |
| 490 0# - بيان السلسلة | |
| عنوان السلسلة | مكتبة الأسرة. |
| -- | علوم وتكنولوجيا |
| 504 ## - تبصرة ببليوجرافية | |
| تبصرة ببليوجرافية,الخ | ببليوجرافية : ص. 453-460. |
| 541 ## - تبصرة المصدر المباشر للتزويد | |
| مصدر التزويد | د. مصطفى محمود سليمان ؛ |
| طريقة التزويد | إهداء ؛ |
| 546 ## - تبصرة اللغة | |
| تبصرة اللغة | النص باللغة العربية. |
| 650 #7 - المدخل الاضافى بالموضوع-مصطلح موضوعى | |
| مصطلح موضوعي أو اسم جغرافي كعنصر مدخل | التوقيت. |
| مصدر الرأس أو المصطلح | BUEsh |
| 650 #7 - المدخل الاضافى بالموضوع-مصطلح موضوعى | |
| مصطلح موضوعي أو اسم جغرافي كعنصر مدخل | الفلك. |
| مصدر الرأس أو المصطلح | BUEsh |
| 650 #7 - المدخل الاضافى بالموضوع-مصطلح موضوعى | |
| مصطلح موضوعي أو اسم جغرافي كعنصر مدخل | النجوم. |
| مصدر الرأس أو المصطلح | BUEsh |
| 9 (RLIN) | 8154 |
| 651 ## - المدخل الاضافى بالموضوع - اسم جغرافى | |
| مصدر الرأس أو المصطلح | BUEsh |
| 653 ## - مصطلح تكشيفى غير مقيد | |
| Resource For college | Engineering, General |
| Arrived date list | July2017 |
| Resource For college | Generalities |
| Arrived date list | December2017 |
| 700 1# - المدخل الاضافى - اسم شخصى | |
| الإسم الشخصى | سليمان، مصطفى محمود، |
| الدور | مترجم. |
| 9 (RLIN) | 39456 |
| 700 1# - المدخل الاضافى - اسم شخصى | |
| الإسم الشخصى | عبد الفتاح، جلال، |
| الدور | مراجع. |
| 942 ## - عناصر المدخل الإضافي( كوها) | |
| مصدر التصنيف او مخطط الترفيف | Dewey Decimal Classification |
| جزء التصنيف | RDA-MOD |
| حالة التراجع | حالة الفقد | مصدر التصنيف او خطة الترفيف | حالة تلف | ليس للاعارة | المكان الدائم | المكان الحالي | موقع الترفيف | تاريخ الاكتساب | Source of acquisition | رقم الاستدعاء | الباركود | Date last seen | مُعار | تبصرة غير عامة( المفوع للعناصر المفقوده) | نوع الوعاء | مجموعات كوها |
|---|---|---|---|---|---|---|---|---|---|---|---|---|---|---|---|---|
| Dewey Decimal Classification | Central Library | Central Library | First floor | 09/07/2017 | Donation | 529 ب ا ر | 000046136 | 15/07/2025 | 19/10/2017 | إهداء من الدكتور مصطفى محمود سليمان. | Book - Borrowing | |||||
| Dewey Decimal Classification | Central Library | Central Library | First floor | 09/07/2017 | Purchase | 529 ب ا ر | 000022747 | 15/07/2025 | Book - Borrowing | |||||||
| Dewey Decimal Classification | Central Library | Central Library | First floor | 19/12/2017 | Donation | 529 ب ا ر | 000042691 | 15/07/2025 | إهداء من دكتور مصطفى سليمان | Book - Borrowing | Donation-Gift | |||||
| Dewey Decimal Classification | Central Library | Central Library | First floor | 19/12/2017 | Donation | 529 ب ا ر | 000042692 | 15/07/2025 | إهداء من دكتور مصطفى سليمان | Book - Borrowing | Donation-Gift |